00585nam a2200205 i 4500001001000000003000900010005001700019007000300036008004100039040003000080082001400110100002600124110000300150245005600153264005600209300002500265336002700290337003400317338002800351000031405DO-SdBNP20240717105323.0ta240717s1946 dr a 000 | spa d aDO-SdBNPbspacBNPHUerda 4bL951a222 aLugo, Pompilioeautor  aAlfredo Victoria chacal de jaragua /cPompilio Lugo aCiudad Trujillo : bEditora no identificada,c1946. a18 páginasc22 cm. 2rdacontentatextobtxt 2rdamediaasin mediaciónbnc 2rdacarrieravolumenbnc